| 000 | 00805nam a2200229 i 4500 | ||
|---|---|---|---|
| 001 | bg | ||
| 100 | 1 |
_aKLEIST, Heinrich von _d(1777-1811) |
|
| 245 | 1 | 0 |
_aMichael Kohlhaas : _baus einer alten Chronik / _cHeinrich von Kleist ; Anm. von Bernd Hamacher, Nachw. Paul Michael Lützeler. |
| 260 |
_aStuttgart : _bPhilipp Reclam, _c2004. |
||
| 300 |
_a135 s. : _b1 mapa ; _c15 cm. |
||
| 490 | 1 |
_aUniversal-Bibliothek ; _vNr 218 |
|
| 650 | 9 |
_aOpowiadanie niemieckie _y19 w. |
|
| 830 | _aUniversal-Bibliothek ; | ||
| 020 | _a3150002184 | ||
| 040 | _cBPK | ||
| 041 | 0 | _ager | |
| 080 | _a821.112.2-3 | ||
| 920 | _a3-15-000218-4 | ||
| 942 | _cKS | ||
| 008 | s pl f |000 0 pol | ||
| 999 |
_c45950 _d45950 |
||
| 856 |
_uhttp://koha.tu.koszalin.pl/cgi-bin/koha/opac-detail.pl?biblionumber=45950 _yKatalog online BPK |
||